Normal view MARC view

Entry Nombre personal

Number of records used in: 1

001 - NÚMERO DE CONTROL

  • campo de control: 1082

003 - IDENTIFICADOR DE NÚMERO DE CONTROL

  • campo de control: DLC

005 - FECHA Y HORA DE LA ÚLTIMA TRANSACCIÓN

  • campo de control: 20260420083525.0

008 - ELEMENTOS DE DATO DE LONGITUD-FIJA

  • campo de control de longitud fija: 000829n| acannaabn |n aaa

010 ## - NÚMERO DE CONTROL DE LA BIBLIOTECA DEL CONGRESO

  • Número de control de LC: nb 99160111

035 ## - NÚMERO DE CONTROL DEL SISTEMA

  • Número de control de sistema: (Uk)004079691

040 ## - FUENTE DE CATALOGACIÓN

  • Centro catalogador/agencia de origen: Uk
  • Lengua de catalogación: eng
  • Centro/agencia transcriptor: Uk
  • Centro/agencia modificador: Uk

100 1# - ENCABEZAMIENTO-NOMBRE DE PERSONA

  • Nombre de persona: Scarpari, Maurizio

670 ## - FUENTE DE DATOS ENCONTRADOS

  • Cita de la fuente: Splendours of Ancient China, 2000:
  • Información encontrada: t.p. (Maurizio Scarpari) inside back cover (prof. of Chinese Philology, Dept. of East Asian Studies, Ca' Foscari Uni., Venice)